Survey of computational physics: Introductory computational science (Record no. 1210297)

MARC details
000 -LEADER
fixed length control field 01222nam a2200337Ia 4500
003 - CONTROL NUMBER IDENTIFIER
control field OSt
005 - DATE AND TIME OF LATEST TRANSACTION
control field 20221007122415.0
008 - FIXED-LENGTH DATA ELEMENTS--GENERAL INFORMATION
fixed length control field 221006b |||||||| |||| 00| 0 eng d
020 ## - INTERNATIONAL STANDARD BOOK NUMBER
International Standard Book Number 9780691131375 (hbd)
037 ## - SOURCE OF ACQUISITION
Terms of availability Textbook
040 ## - CATALOGING SOURCE
Original cataloging agency PAPL
Transcribing agency PAPL
Language of cataloging eng
041 ## - LANGUAGE CODE
Source of code eng
Language code of text/sound track or separate title eng
100 ## - MAIN ENTRY--PERSONAL NAME
Personal name Landau Rubin H
9 (RLIN) 480484
245 #0 - TITLE STATEMENT
Title Survey of computational physics: Introductory computational science
Remainder of title Paez Manuel Jose Bordeianu Cristian C
260 ## - PUBLICATION, DISTRIBUTION, ETC.
Place of publication, distribution, etc. New
Name of publisher, distributor, etc. Jersey Princeton University Press
Date of publication, distribution, etc. 2008
300 ## - PHYSICAL DESCRIPTION
Extent xxv, 658p.
Dimensions cm.
500 ## - GENERAL NOTE
General note ''Appendices A-G, 555-639p''.; ''References 641-649p''.; ''Index 651-658p''.
650 ## - SUBJECT ADDED ENTRY--TOPICAL TERM
Topical term or geographic name entry element Java
9 (RLIN) 714253
650 ## - SUBJECT ADDED ENTRY--TOPICAL TERM
Topical term or geographic name entry element Shell
9 (RLIN) 714254
650 ## - SUBJECT ADDED ENTRY--TOPICAL TERM
Topical term or geographic name entry element Summing series
9 (RLIN) 714255
650 ## - SUBJECT ADDED ENTRY--TOPICAL TERM
Topical term or geographic name entry element Types of error
9 (RLIN) 714256
650 ## - SUBJECT ADDED ENTRY--TOPICAL TERM
Topical term or geographic name entry element Physics
700 ## - ADDED ENTRY--PERSONAL NAME
Personal name Bordeianu Cristian C
9 (RLIN) 714257
700 ## - ADDED ENTRY--PERSONAL NAME
Personal name Paez Manuel Jose
9 (RLIN) 714258
942 ## - ADDED ENTRY ELEMENTS (KOHA)
Classification part C:(9S), P8 Carpa
Koha item type Textbook
Source of classification or shelving scheme Colon Classification (CC)
Holdings
Withdrawn status Lost status Source of classification or shelving scheme Damaged status Not for loan Home library Current library Date acquired Source of acquisition Total Checkouts Full call number Barcode Date last seen Price effective from Koha item type
    Colon Classification (CC)     Department of Physics and Astrophysics Library Department of Physics and Astrophysics Library 2022-10-07 1732, 04/02/2009, New India Book Agency   C:(9S) P8 Carpa PA0006401 2022-10-07 2022-10-07 Textbook
Copyright @ Delhi University Library System